000 00407nmm a2200133Ia 4500
005 20241119151751.0
008 241119s9999||||xx |||||||||||||||||und||
100 _aBélanger, Paul
245 0 _aTheories in Adult Learning and Education
260 _aVerlag Barbara Budrich
_c2011
650 _aFilm Studies ; Gender Studies
856 _uhttps://www.jstor.org/stable/10.2307/j.ctvbkjx77
942 _cE-Book
999 _c182234
_d182234